| 000 | 00580nam a2200193Ii 4500 | ||
|---|---|---|---|
| 003 | JO-AjNU | ||
| 008 | 230605s9999||||xx |||||||||||||| ||und|| | ||
| 017 | _a1986/2/72 | ||
| 040 |
_aJO-AjNU _bara _erda _cJO-AjNU |
||
| 041 | _aara | ||
| 050 | 1 | 4 | _aLB1028.3 1988 |
| 100 | 3 |
_aالحسن،هشام, _eauthor _910452 |
|
| 245 | 0 | 0 | _aتكنولوجيا التعليم |
| 300 | _a175ص | ||
| 336 |
_atext _btxt _2rdacontent |
||
| 337 |
_aunmediated _bn _2rdamedia |
||
| 338 |
_avolume _bnc _2rdacarrier |
||
| 650 | 4 |
_aتكنولوجيا التعليم. التعليم-وسائل. _910453 |
|
| 999 |
_aA1813 _c5381 _d5381 |
||